Statistics for wwe quiz

Click here to take the quiz!

General Stats

  • This quiz has been taken 139 times
  • The average score is 13 of 49

Answer Stats

#QuestionAnswer% Correct
1who defeated Stone Cold Steve Austin for the WWE title at KOTR 1998?Kane
58%
20as what alter ago did Mick Foley win his 3 WWE titles?Mankind
58%
8Drowning Pool sang what superstar to the ring at WrestleMania X8?Triple H
56%
15what year was the first hell in a cell match?1997
53%
28who was the first person to beat the Undertaker?Hulk Hogan
50%
36in 1999 who abducted Stephanie Mcmahon?Undertaker
49%
4at what WresleMania did the Undertaker win the WWE title?WrestleMania13
48%
14Andre the Giants 15 year unbeaten streak was ended by who?Hulk Hogan
45%
26what royal rumble did Mick Foley enter 3 times?1998
44%
49what group was Dolph Ziggler apart in his early WWE days?The Spirit Squad
44%
27how many times did Steve Blackman win the Hardcore title?6
41%
43who was the first Mr Money In The Bank?Edge
41%
44who made Lesnar tapout for the first time?Kurt Angle
38%
30Rey Mysterios first pay-per-view match was against who?Kurt Angle
38%
6who ran over Stone Cold Steve Austin?Rikishi
36%
19who was Daniel Bryan's on the first season of NXT?The Miz
36%
42what did Al Snow bring with him to the ring ?Head
35%
2in what arena did The Rock made his debut in 1996?Madison Square Garden
35%
34what Survivor Series did the Big Show win his 1st WWE title?1999
34%
40who was undertakers wifes stalker?Diamond Dallas Page
31%
48Pat Patterson was the 1st?Intercontinental Champion
30%
13who invented the DDT?Jake The Snake Roberts
29%
46what is CM Punks real name?Phil Brooks
26%
9who is the original Nature Boy?Buddy Rogers
24%
38who was the referee in the Montreal Screwjob?Earl Hebner
24%
7who made his debut at the 2000 Royal Rumble against Kurt Angle?Tazz
23%
18John Cena defeated Booker T at No Mercy 2004 to win what title?United States Title
23%
37who was the most dangerous man on the planet?Ken Shamrock
21%
22what NFL player main-evented WrestleMania XI?Lawrence Taylor
20%
10name the only one-legged wrestler in history who competed in WWE in 2003?Zach Gowen
20%
47what was Undertakers entrance theme from late 2000 to early 2002?Rollin
19%
17NWO made their debut in WWE at what pay-per-view in 2002 ?No Way Out
18%
25who was the first European champion?The British Bulldog
18%
39who attacked stone cold at the KOTR 2001?Booker T
16%
45who did HBK lose his WWE title too in 1996?Sycho Sid
16%
11At what pay-per-view in 2001 did Chris Jericho become the first undisputed WWE champion?Vengeance
15%
24Before the New Age Outlaws what tag team was Billy Gunn apart of?The Smoking Gunns
14%
5what does HHH stand for?Hunter Hurst Helmsley
13%
12what title did CM Punk win first in WWE?ECW World Heavyweight Title
11%
29when was john cena's first WWE title match?Backlash 2003
10%
32at what pay-per-view did Rey Mysterio win his 2nd World title?Fatal 4 Way
10%
50what rapper did John Cena FU?Kevin Federline
10%
41who Smackdowns number 1 announcer?Funaki
9%
23what was the name of shawn michaels interview segment?The Heartbreak Hotel
9%
3who invited ECW to RAW in 1997?Jerry the king Lawler
6%
31what city did the rock win his first WWE title?St.Louis
6%
21who is the youngest tag team champion?Rene Dupree
5%
16Colt Cabana wrestled in wwe under what name?Scotty Goldman
5%
35who had the longest Hardcore title reign which was 97 days?Big Bossman
4%

Score Distribution

Percentile by Number Answered

Percent of People with Each Score

Your Score History

You have not taken this quiz